Responses for Show #5667 - Tuesday, April 7, 2009

Contestants

[<< previous game]

Peter Murray, a non-profit fundraiser from Seattle, Washington

Becky Anderson, a retired software specialist originally from Morganton, North Carolina

Eric LaForest, a high school history teacher originally from Jacksonville, Florida (whose 1-day cash winnings total $9,762)

[next game >>]

Jeopardy! Round responses

PRESIDENTIAL POTENT POTABLES
2027: THE YEAR IN ENTERTAINMENT
WAIST MANAGEMENT
(Alex: Notice the spelling there.)
DISCOVERIES
NUMBER PLEASE
"UP" WORDS
    $200 11
Grant

Peter
    $200 26
Rowling

Peter
    $200 6
Santa Claus

Peter
    $200 21
Freud

Eric
    $200 16
(Eric: What is three?)

one

EricBecky
    $200 1
an upgrade

Peter
    $400 12
(Lyndon) Johnson

Peter
    $400 27
90210

Becky
    $400 7
Gandhi

Becky
    $400 22
calculus

Eric
    $400 17
(Eric: What is four?)
(Peter: What is three?)
(Becky: What is two?)
...
(Alex [holding up his hand]: [*], just like me. [*].)

five

EricBeckyPeter
Triple Stumper
    $400 2
uphill

Peter
    $600 13
(Becky: What is bourbon?)

whiskey

BeckyPeter
    $600 28
Paris Hilton

Eric
    $600 8
(Eric: Who is Clinton?)

(Mike) Huckabee

EricBecky
    $600 23
the proton

Eric
    $600 18
eight

Eric
    $600 3
Weekend Update

Eric
    $800 14
(Thomas) Jefferson

Eric
    $800 29
(Eric: Who is Blanchett?)
(Peter: Who is Paltrow?)

Dame Judi Dench

EricPeter
Triple Stumper
    $800 9
Pavarotti

Eric
    $800 24
vitamin A

Becky
    $800 19
19

Becky
    $800 4
uptown

Eric
    $1000 15
(Andrew) Johnson

Eric
    $1000 30
Tommy Lee

Peter
    $1000 10
Henry VIII

Eric
    $1000 25
coelacanth

Becky
    $1,400 20
(Alex: Indiana, Illinois, Iowa and Idaho--)
(Becky: Idaho.)
(Alex: --add up to [*]. You're right. Go again.)

four

Becky
    $1000 5
upriver

Becky

Scores at the first commercial break (after clue 15):

Eric Becky Peter
$4,400 $1,400 $2,000

Scores at the end of the Jeopardy! Round:

Eric Becky Peter
$5,400 $5,600 $2,000

Double Jeopardy! Round responses

LITERARY BEFORE & AFTER
CELEBRITIES IN OTHER WORDS
____ & ____
"RU" THERE
GOD
IT'S ME, MARGARET
    $400 6
Raisin in the Sun Also Rises

Becky
    $400 16
Tom Cruise

Becky
    $400 11
Big & Tall

Becky
    $400 21
Peru

Triple Stumper
    $400 1
reap

Peter
    $400 27
(Margaret) Thatcher

Eric
    $800 7
The Invisible Man for All Seasons

Triple Stumper
    $800 17
Faith Hill

Eric
    $800 12
William & Mary

Eric
    $800 22
Beirut

Eric
    $800 2
(Eric: Who is Job?)
(Peter: Who is Moses?)

Noah

EricBeckyPeter
    $800 28
[The end-of-round signal sounds.]

Margaret Mead

Peter
    $1200 8
The Executioner's Song of Solomon

Becky
    $1200 18
Tiger Woods

Eric
    $1200 13
Harriet & Ozzie

Peter
    $1200 23
Innsbruck

Peter
    $1200 3
throne

Becky
    $2,800 9
(Becky: [*]?)
...
(Alex: Sorry, gotta rule against you because you did not phrase it in the form of a question. On Daily Doubles, it's very important.)

The Art of War and Peace

Becky
    $1600 19
Bill Gates

Eric
    $1600 14
The Pit & the Pendulum

Peter
    $1600 24
New Brunswick

Triple Stumper
    $1600 4
the Son of God

Triple Stumper
    $1600 26
Margaret Sanger

Becky
    $2000 10
The Name of the Rose Tattoo

Becky
    $2000 20
(Peter: Who is Donald King?)
[Initially ruled correct; reversed before Daily Double at clue 25]

Don King

Peter
Triple Stumper
    $2000 15
fish & chips

Becky
    $3,000 25
(Alex: And, Peter, before I ask you to make a wager, we have some bad news for you, and it goes back to your response a few moments ago when I gave you the clue, "Promoter: Organized-crime-family-head monarch." You said "Donald King," but the response had to fit both parts of the clue, and it was Don King--The Don, the organized crime family head. So you drop to $3,600. That's what you have now to risk on yourself for this Daily Double.)
...
(Peter: What is ... Albuquerque?)

Las Cruces

Peter
    $2000 5
(Eric: What is Hallelujah?)
(Becky: What is Hosanna?)

God save the king

EricBecky
Triple Stumper

Scores at the end of the Double Jeopardy! Round:

Eric Becky Peter
$8,200 $10,800 $1,400

[wagering suggestions for these scores]

Final Jeopardy! Round responses

SPORTS VENUES
PeterWhat are Ashe + Shea?
$1,398
EricWhat are Ashe and Shea?
$8,200
BeckyWhat are Ashe and Shea?
$5,601
Arthur Ashe Stadium & Shea Stadium

Final scores:

Eric Becky Peter
$16,400 $16,401 $2,798
2nd place: $2,000 New champion: $16,401 3rd place: $1,000

Game dynamics:

Coryat scores:

Eric Becky Peter
$8,200 $13,200 $4,400
17 R,
6 W
18 R
(including 1 DD),
4 W
(including 1 DD)
13 R,
5 W
(including 1 DD)

Combined Coryat: $25,800

[game clues] [game scores] [suggest correction]

Game tape date: 2009-02-03
The J! Archive is created by fans, for fans. Scraping, republication, monetization, and malicious use prohibited; this site may use cookies and collect identifying information. See terms. The Jeopardy! game show and all elements thereof, including but not limited to copyright and trademark thereto, are the property of Jeopardy Productions, Inc. and are protected under law. This website is not affiliated with, sponsored by, or operated by Jeopardy Productions, Inc. Join the discussion at JBoard.tv.